| 000 | 00433nam a2200193Ia 4500 | ||
|---|---|---|---|
| 003 | OSt | ||
| 005 | 20221216093325.0 | ||
| 008 | 210210b1963 xxu||||| |||| 00| 0 eng d | ||
| 040 | _cAL | ||
| 041 | _aeng | ||
| 082 | _a511/104 | ||
| 100 |
_aRAY _966316 |
||
| 245 | _aHiger algebra | ||
| 260 |
_aDelhi _bPremier Publishing Co _c1963 |
||
| 690 |
_aAlgebra _966317 |
||
| 700 |
_aSHARMA _966318 |
||
| 906 | _a007174 | ||
| 942 |
_2ddc _cBK |
||
| 999 |
_c139510 _d139510 |
||